000 00403nam a22001697a 4500
003 NUST - PNEC
005 20170116181034.0
008 150919b xxu||||| |||| 00| 0 eng d
020 _a-
040 _cLIBRARY
082 _a621.381958 BAR
100 _911291
_aBarter
245 _aDigital computer fundamentals
_cBarter
260 _c-
650 _911293
_aDigital Computer
_xMIS
942 _2ddc
_cBK
999 _c67862
_d67862